Statistics for Rhetorical Situation Quiz BY ASHLIN AND BRADEN

Click here to take the quiz!

General Stats

  • This quiz has been taken 11 times
  • The average score is 8 of 15

Answer Stats

QuestionAnswer% Correct
What is a writers exigence?The writer’s motivation to speak on a topic
100%
All of these words are transitions in FANBOYS except…at
75%
In How Sesame Street Started a Musical Revolution, Ryzik breaks down the musical thought process behind Sesame Street to develop:Logos
75%
The saying “life is like a box of chocolates” demonstrates which of the following?Simile
75%
All these are techniques for building ethos except…Anecdotes
50%
A causal argument is the strategy a writer uses to explain the _________ relationshipCause and Effect
50%
“The exigence could be an event, a memory, another text or any other provocation thats spurs a writer to achieve a purpose for an audience within a specific ______”Context
50%
What role does Ryzik’s cause and effect arrangement play in supporting her message in How Sesame Street Started a Musical Revolution?Educates the readers on the influence Sesame Street has on the youth’s development through diverse casting and music.
50%
11. Which of the following is NOT an example of a type of an arrangement?:Specificity
50%
The order in which words are written in a sentence is called what?Syntax
50%
An author’s attitude toward the topic is:Tone
50%
All of these words could be used in a subordinate sentence EXCEPT…But
25%
All these techniques are good for building pathos except…Criticism
25%
Which type of arrangement would you use to explain a topic from general to specific?Importance
25%
In Pink’s speech, who are her potential audiences?The youth and parents
25%

Score Distribution

Percentile by Number Answered

Percent of People with Each Score

Your Score History

You have not taken this quiz